Lieux de rencontres dans les séries TV - Statistiques

Statistiques générales
  • Ce quiz a été pris 25 fois
  • Le résultat moyen est 6 sur 20
Statistiques - réponses
Questions Réponses % Correct
Quel est le nom du célèbre bar dans la série Plus belle la vie ? Le Mistral / Le bar du Mistral
91%
Quel est le nom du Café fictif de la série Friends, situé au plein cœur de New York ? Le Central Perk
77%
La taverne de Moe est un lieu fictif récurrent, fréquenté par de nombreux piliers de bar, quel est le nom de la série ? Les Simpsons
73%
Quel est le nom du café de la série Beverly Hills 90210 tenu par Nat, avec Dylan en copropriétaire ? Le Peach Pit
41%
Le bar de Willy ("Willy's place") est un endroit sordide, servant à trouver des infos sur les créatures maléfiques, quelle est le nom de cette série ? Buffy contre les Vampires
36%
Dans quelle série voit on une mère célibataire tenir le Karen's café ? Les Frères Scott / One tree Hill
36%
Quel est le nom du Night club de la série Charmed, dont la propriétaire est Piper ? Le P3
32%
Quel est le nom du bar (pub) de la Série How I met your mother ? MacLaren's
32%
Quel est le nom de la série dont le bar est situé dans le même bâtiment que Cage & Fish à Boston, au sous-sol ou à l'étage le plus bas ? Ally McBeal
27%
Quel est le nom de la série, dans laquelle une pâtisserie de New York du nom de Magnolia Bakery a été rendue célèbre, ainsi que des restaurants ? Sex and the city / Sex & the city
27%
Quel est le nom du bar-billard ouvert par Rocco et Costa Bordino, dans la sérié Hartley Cœurs à vif ? Le Shark Pool / Sharkpool
23%
Quel est le nom de la chaîne de restauration rapide (fast food) apparaissant dans la série Breaking Bad ? Los Pollos Hermanos / The Chicken brothers
23%
Le Fangtasia est un bar dirigé par le dangereux vampire Eric Northman, quelle est le nom de la série ? True Blood
18%
Dans quelle série voit on les protagonistes se détendre à L'Emerald City Bar ? Grey's anatomy
14%
Quel est le nom de la boite de nuit branchée de Sunnydale, très fréquentée par les étudiants et les démons ? Le Bronze
14%
Quel est le nom de ce club servant de bar, recevant des concerts, un bal de fin d'année et une réception de mariages dans la série les Frères Scott ? Le Tric
9%
Quel est le nom du bar dans la série Shameless, qui réunit tous les alcooliques du coin comme Frank ou Kermit ? The Alibi Room / Alibi Room
9%
Quel est le nom du restaurant chic à Los Angeles tenu par Elias dans la série V ? Le Club Créole
5%
Quel est le nom du bar dans la série Casa de Papel, ayant un nom de ville (lieu de rencontre entre le Professeur et Raquel) ? Le Hanoi
5%
Quel est le nom du pub situé à Birmingham, répère des Peaky Blinders, racheté au nom d'Arthur ? The Garrison / Garrison
5%
Aucun quiz correspondant
Distribution des résultats
% des personnes avec chaque résultat
Percentile par nombre de réponses
Votre historique - résultats
Vous n’avez pas pris ce quiz